Історія України-Руси (Record no. 195896)

MARC details
000 -Маркер запису
Маркер (контрольне поле довжиною 24 байти) 00888 a2200193 i 4500
001 - Ідентифікатор запису
Ідентифікатор запису 195896
003 - Постійний ідентифікатор запису
Постійний ідентифікатор запису 42634
010 ## - ISBN
ISBN 5-12-003208-7
100 ## - Дані загальної обробки
Дані загальної обробки u||y y50 zz
200 ## - Назва
Основна назва Історія України-Руси
Підзаголовок в 11-ти т.
Паралельна назва Репринтне видання
Підзаголовок XIV-XVI віки - відносини політичні
Перші відомості про відповідальність ред. Н.О. Климентьєва
Позначення та/або номер частини 12 кн. Т.IV
-- Історія України-Руси. В 11-ти т. 12 кн. Т.IV
210 ## - Місце та час видання
Місце публікації К.
Дата видання 1993
Видавництво Наукова думка
215 ## - Фізичний опис
Специфічне визначення матеріалу та обсяг документа 544 с.
-- 544
225 ## - Серія
Назва серії Пам’ятки історичної думки України
246 #0 -
-- Репринтне видання
-- XIV-XVI віки - відносини політичні
686 ## - Індекси інших класифікацій
Індекс класифікації 63.3(4УКР)
Код системи ББК
700 ## - Особисте ім’я
Автор Грушевський
Ініціали (остатня частина імені) М.
942 ## - Додаткові дані (Коха)
Код системи класифікації для розстановки фонду udc
Тип одиниці (рівень запису) Книги
Шифр замовлення 63.3(4УКР)
Внутрішній № біб-запису в старій системі 42634
999 ## -
-- 42634
-- 42634
Holdings
Джерельне місце зберігання Поточне місце зберігання чи видачі Тип одиниці (рівень примірника) <br/>&nbsp; Інвентарний номер Штрих-код Шифр зберігання Дата внесення в Коха Ціна <br/>&nbsp; Постачальник (джерело надходження) Стан списання <br/>&nbsp;<br/>&nbsp; Стан обігу (не для випожичання) Стан пошкодження Стан втрати/відсутності Дата останнього випожичання чи повернення Дата, коли останній раз бачено примірник Дата останнього редагування примірника Внутрішній № примірника в старій системі
Абонемент Абонемент Книги 38818 38818 63.3(4УКР) 23/04/2014 0.00 2         10/03/2016 10/03/2016 2024-02-04 16:57:58 43869

Powered by Koha